Films dont le titre commence par un B (1) - Statistiques

Statistiques générales
  • Ce quiz a été pris 15 fois
  • Le résultat moyen est 9 sur 30
Statistiques - réponses
Année Réalisateur Genre 1 acteur ou
1 actrice
Titre % Correct
1982 R. Scott Science-fiction Harrison Ford Blade runner
86%
1985 T. Gilliam Science fiction Robert De Niro Brazil
71%
1975 S. Kubrick Grand spectacle Michael Hordern Barry Lyndon
64%
1986 D. Lynch Drame Isabella Rossellini Blue velvet
64%
1932 J. Renoir Comédie Michel Simon Boudu sauvé des eaux
64%
1979 B. Blier Comédie dramatique Gérard Depardieu Buffet froid
64%
1989 T. Burton Aventures Michael Keaton Batman
57%
1963 T. Young Espionnage Sean Connery Bons baisers de Russie
57%
1968 F. Truffaut Comédie dramatique Jean-Pierre Léaud Baisers volés
43%
1966 M. Antonioni Drame David Hemmings Blow up
43%
1967 A. Penn Drame Warren Beatty Bonnie and Clyde
36%
1970 J. Deray Policier Alain Delon Borsalino
36%
1950 B. Wilder Drame William Holden Boulevard du crépuscule
29%
1969 G.R.Hill Western Robert Redford Butch Cassidy et le Kid
29%
1958 O. Preminger Drame psychologie Jean Seberg Bonjour tristesse
21%
1968 P. Yates Policier Steve McQueen Bullitt
21%
1991 B. Levant Comédie Charles Grodin Beethoven
14%
1956 J. Logan Comédie Marilyn Monroe Bus Stop
14%
1987 P. Adlon Comédie Marianne Sagebrecht Bagdad café
7%
1952 R. Walsh Aventures Robert Newton Barbe Noire le pirate
7%
1938 A. Esway Comédie Fernandel Barnabé
7%
1939 W. Wellman Aventures Gary Cooper Beau Geste
7%
1986 T. Gilou Comédie Jacques Villeret Black mic mac
7%
1982 Steno Comédie Bud Spencer Banana Joe
0%
1968 A. McLaglen Western James Stewart Bandolero
0%
1952 J. Lewis Guerre Frank Lovejoy Bataillon de fer
0%
1947 L. Moguy Drame Danielle Darrieux Bethsabee
0%
1985 Y. Boisset Drame Lambert Wilson Bleu comme l'enfer
0%
1975 Y. Chiffre Comédie Les Charlots Bons baisers de Hong-Kong
0%
1974 J. Deray Policier Alain Delon Borsalino and Co
0%
Aucun quiz correspondant
Distribution des résultats
% des personnes avec chaque résultat
Percentile par nombre de réponses
Votre historique - résultats
Vous n’avez pas pris ce quiz